TV Shows That Debuted in 1982 by Photo Quiz Stats

 Plays Quiz not verified by Sporcle

Challenge
Share
Tweet
Score 0/25 Timer 05:00
0 Plays Today
% Correct
Knight Rider
97.1%
David Letterman
95.1%
Cheers
94.3%
Cagney & Lacey
92.7%
Joanie Loves Chachi
91%
Family Ties
89.4%
At The Movies
88.6%
Newhart
87.8%
St. Elsewhere
87.3%
T.J. Hooker
86.5%
Silver Spoons
82.4%
Remington Steele
82.4%
The New Odd Couple
82%
% Correct
Fame
82%
Police Squad
81.6%
Square Pegs
79.6%
Matt Houston
68.6%
The Powers of Mathew Star
66.1%
Bring Em' Back Alive
63.7%
Gloria
62.4%
Blackstar
57.6%
Voyagers!
56.7%
Teachers Only
54.7%
Tales of the Gold Monkey
48.6%
It Takes Two
39.6%

You're not logged in!

Compare scores with friends on all Sporcle quizzes.
OR
Log In

You Might Also Like...

Show Comments

Extras

Top Quizzes Today


Score Distribution

Your Account Isn't Verified!

In order to create a playlist on Sporcle, you need to verify the email address you used during registration. Go to your Sporcle Settings to finish the process.

Report this User

Report this user for behavior that violates our Community Guidelines.

Details: